• 首页
  • 本馆介绍
  • 公告通知
  • 最新文献
  • 馆藏检索
  • 电子资源
  • 读者导购
  • 参考咨询
  • 我的图书馆
  • 登录
  • 详细信息显示
  • 放入我的书架
  • 预约/预借图书
  • 作者相关作品
  • 分类相关作品
  • 丛书相关作品
  • 出版社相关作品

书目信息

  • 表格格式
  • 工作单格式
  • 卡片格式
题名:
家装指南
    
 
作者: 立宜 编
分册: 2   卧室 儿童房 书房
出版信息: 北京   中国轻工业出版社  2002
页数: 80页
开本: 29cm
丛书名:
单 册:
中图分类: TU241-64 , TU767-64
科图分类:
主题词: 住宅--室内装饰--图集 , 住宅--室内装修--图集 , 住宅 , 室内装饰 , 室内装修
电子资源:
ISBN: 7-5019-3638-2
000 00870nam0 2200277 450
001 1548512736
005 20150131132950.70
010    @a7-5019-3638-2@dCNY29.80
100    @a20020404d2002 em y0chiy0110 ea
101 0  @achi
102    @aCN@b110000
105    @aa z 000yy
200 1  @a家装指南@9jia zhuang zhi nan@h2@i卧室 儿童房 书房@f立宜编
210    @a北京@c中国轻工业出版社@d2002
215    @a80页@d29cm
330    @a卧室可以只设计睡眠功能,但也有人喊出“24小时卧房”的口号;儿童房应当满足儿童的特点;书房需要相对的独立与安静。本卷介绍了卧室、儿童房和书房的装饰与装修。
606 0  @a住宅@x室内装饰@j图集
606 0  @a住宅@x室内装修@j图集
606 0  @a住宅
606 0  @a室内装饰
606 0  @a室内装修
690    @aTU241-64@v5
690    @aTU767-64@v5
701  0 @a立宜@9li yi@4编
801  0 @aCN@bTSSF@c20150131
905    @aZUCC@dTU241-64@eJY4:2
    
    家装指南.2.卧室 儿童房 书房/立宜编.-北京:中国轻工业出版社,2002
    80页;29cm
    
    
    ISBN 7-5019-3638-2:CNY29.80
    卧室可以只设计睡眠功能,但也有人喊出“24小时卧房”的口号;儿童房应当满足儿童的特点;书房需要相对的独立与安静。本卷介绍了卧室、儿童房和书房的装饰与装修。
●
相关链接 在E读中查询图书 在五车中查询图书 在当当中查询图书 在豆瓣中查询图书


正题名:家装指南     索取号:TU241-64/JY4:2         预约/预借

序号 登录号 条形码 馆藏地/架位号 状态 备注
1 7861982   278619826   学院路分馆/ [索取号:TU241-64/JY4:2] 在馆    
2 7861983   278619835   学院路分馆/ [索取号:TU241-64/JY4:2] 在馆    
唐山师范学院图书馆 欢迎您!
大连网信软件有限公司© 版权所有